000 00407nam a22001697a 4500
005 20251108172256.0
008 250721s1987 xx 000 0 ara d
082 1 4 _a611/دور
100 1 _aالدوري، قيس إبراهيم
245 1 0 _aعلم التشريح /
250 _aط2
264 _c1987.
300 _a443ص : مص
650 1 7 _aالتشريح
942 _2ddc
_cBK
999 _c74905
_d74905